Welcome to the Holygrace Academy Library

Please use search bar below to get started

THE KITE RUNNER (Record no. 3262)

MARC details
000 -LEADER
fixed length control field 00584nam a22001457a 4500
020 ## - INTERNATIONAL STANDARD BOOK NUMBER
ISBN 978-0-7475-6653-3
082 ## - DEWEY DECIMAL CLASSIFICATION NUMBER
Classification number 823
Item number HOS/K
100 ## - MAIN ENTRY--AUTHOR NAME
Personal name HOSSEINI, KHALED
245 ## - TITLE STATEMENT
Title THE KITE RUNNER
260 ## - PUBLICATION, DISTRIBUTION, ETC. (IMPRINT)
Place of publication LONDON
Name of publisher BLOOMSBURY
Year of publication 2004
300 ## - PHYSICAL DESCRIPTION
Number of Pages 324
520 ## - SUMMARY, ETC.
Summary, etc The Kite Runner, written by Khaled Hosseini, tells the extraordinary story of an unlikely friendship between a wealthy Afghan boy, named Amir, and Hassan, the son of his father's servant — who he later finds out, after Hassan's death, has always been his half-brother.
650 ## - SUBJECT ADDED ENTRY--TOPICAL TERM
Topical Term NOVEL
Geographic subdivision UNITED KINGDOM
942 ## - ADDED ENTRY ELEMENTS (KOHA)
Koha item type Books
Holdings
Withdrawn status Lost status Collection code Home library Current library Shelving location Date acquired Source of acquisition Full call number Accession Number Koha item type Cost, normal purchase price
    Fiction Main Library Main Library SHELF-14F- ALPHABETICAL H,I --ENGLISH NOVELS & FICTIONS 22/04/2015 purchase 823 HOS/K 05317 Books  
    Fiction Main Library Main Library SHELF-14F- ALPHABETICAL H,I --ENGLISH NOVELS & FICTIONS 06/07/2013 purchase 823 HOS/K 07520 Books 350.00